Gramática de la lengua española
Uloženo v:
| Korporativní autor: | |
|---|---|
| Médium: | Kniha |
| Jazyk: | španělština |
| Vydáno: |
Madrid
Espasa Calpe
1931
|
| Vydání: | 1a. ed |
| Témata: | |
| Tagy: |
Přidat tag
Žádné tagy, Buďte první, kdo vytvoří štítek k tomuto záznamu!
|
MARC
| LEADER | 00000nam a2200000 a 4500 | ||
|---|---|---|---|
| 001 | UCX2898 | ||
| 003 | CL-VaPUC | ||
| 008 | 910830e19310000SP |||||||||||||||||spa|d | ||
| 082 | 0 | 4 | |a 465 |b REA |2 21 |
| 110 | 2 | |a Real Academia de la Lengua |e author |9 319010 | |
| 245 | 1 | 0 | |a Gramática de la lengua española |
| 250 | |a 1a. ed | ||
| 300 | |a 534 p | ||
| 942 | |c BK | ||
| 945 | |d 19910830 00:00:00 | ||
| 260 | |a Madrid |b Espasa Calpe |c 1931 | ||
| 650 | 0 | |a Idioma español |9 309143 | |
| 650 | 0 | |a Gramática |9 270497 | |
| 650 | 0 | |a Sintaxis |9 318843 | |
| 583 | |a last modification |c 20181024 16:38:03 |k Rodrigo Vera | ||
| 999 | |c 223815 |d 223813 | ||
| 952 | |0 0 |1 0 |4 0 |6 465_000000000000000_REA_1931 |7 0 |8 X |9 219983 |a FDOBUD |b FDOBUD |d 2019-11-15 |i 1074873 |o 465 REA 1931 |p 1074873 |r 2019-11-15 |w 2019-11-15 |y BK_X |k BUD | ||